Primate Taxonomy - Statistics

General Stats
  • This quiz has been taken 301 times
    230 since last reset
  • The average score is 16 of 109
Answer Stats
Answer % Correct
Homo
86%
Gorilla
69%
Pan
67%
Lemur
60%
Hominidae
59%
Pongo
53%
Catarrhini
41%
Loris
38%
Strepsirrhini
38%
Haplorhini
37%
Platyrrhini
37%
Hominoidea
36%
Hylobatidae
34%
Cercopithecoidea
31%
Lemuridae
30%
Galago
26%
Tarsiiformes
26%
Indri
25%
Cercopithecidae
24%
Lemuriformes
24%
Macaca
23%
Tarsiidae
21%
Cebidae
20%
Hylobates
20%
Lorisidae
20%
Lemuroidea
19%
Atelidae
17%
Hoolock
17%
Indriidae
16%
Aotidae
15%
Callitrichidae
15%
Lorisoidea
15%
Colobus
14%
Daubentoniidae
14%
Pitheciidae
14%
Simiiformes
14%
Galagidae
13%
Tarsioidea
13%
Aotus
12%
Ceboidea
12%
Papio
12%
Cebus
11%
Lepilemur
11%
Mandrillus
11%
Symphalangus
11%
Ateles
10%
Cercopithecus
10%
Chlorocebus
10%
Varecia
10%
Cheirogaleidae
9%
Eulemur
9%
Lepilemuridae
9%
Propithecus
9%
Saimiri
9%
Tarsius
9%
Allenopithecus
8%
Daubentonia
8%
Hapalemur
8%
Nomascus
8%
Saguinus
8%
Alouatta
7%
Callithrix
7%
Nasalis
7%
Nycticebus
7%
Rhinopithecus
7%
Trachypithecus
7%
Cebuella
6%
Erythrocebus
6%
Microcebus
6%
Sapajus
6%
Semnopithecus
6%
Theropithecus
6%
Cercocebus
5%
Lagothrix
5%
Leontopithecus
5%
Mico
5%
Otolemur
5%
Presbytis
5%
Procolobus
5%
Simias
5%
Allochrocebus
4%
Avahi
4%
Brachyteles
4%
Callimico
4%
Carlito
4%
Cheirogaleus
4%
Galagoides
4%
Lophocebus
4%
Miopithecus
4%
Paragalago
4%
Phaner
4%
Piliocolobus
4%
Pithecia
4%
Rungwecebus
4%
Arctocebus
3%
Cacajao
3%
Callicebus
3%
Chiropotes
3%
Euoticus
3%
Leontocebus
3%
Perodicticus
3%
Pygathrix
3%
Sciurocheirus
3%
Xanthonycticebus
3%
Allocebus
2%
Cephalopachus
2%
Cheracebus
2%
Mirza
2%
Plecturocebus
2%
No matching quizzes found
Score Distribution
Percent of People with Each Score
Percentile by Number Answered
Your Score History
You have not taken this quiz since the last reset